[Event "AUTO-INT-3944"]
[Site "http://www.queenalice.com/game.php?id=1862959"]
[Date "2025.9.13"]
[Round "1"]
[White "renet54"]
[Black "zmanomega"]
[Result "1-0"]
[WhiteElo "1639"]
[BlackElo "1658"]

1. e4 e5 2. Nf3 d6 3. d4 Qf6 4. Bc4 Bg4 5. Nc3 c6 6. O-O Be7 7. dxe5 dxe5 8. h3
Bxf3 9. Bxf7+ Qxf7 10. Qd3 Bh5 11. Be3 Nd7 12. f3 Qg6 13. Rad1 Rd8 14. Bxa7 Ngf6
15. Be3 Qf7 16. Rd2 h6 17. a4 Ra8 18. g4 Bg6 19. Rfd1 Nh7 20. Qxd7+ Kf8 21. Qxb7
Re8 22. Qxc6 Qxf3 23. Rf2 Qxf2+ 24. Bxf2 Ng5 25. Qxg6 Nf7 26. Nd5 Rd8 27. Rf1
Rd6 28. Qf5 g6 29. Qc8+ Nd8 30. Bc5+ 1-0

[Event "AUTO-INT-3944"]
[Site "http://www.queenalice.com/game.php?id=1862960"]
[Date "2025.9.13"]
[Round "1"]
[White "zmanomega"]
[Black "jenyasm"]
[Result "1-0"]
[WhiteElo "1641"]
[BlackElo "1481"]

1. e4 e5 2. Nf3 Nc6 3. Bc4 h6 4. c3 Nf6 5. d4 exd4 6. cxd4 d6 7. d5 Ne5 8. Nxe5
dxe5 9. f3 Bc5 10. Nd2 b6 11. Nb3 Bb4+ 12. Bd2 Bxd2+ 13. Qxd2 O-O 14. Qf2 Nh5
15. O-O-O Bb7 16. Qe2 Qg5+ 17. Kb1 Nf4 18. Qf2 Qxg2 19. Qxg2 Nxg2 20. h4 Ne3 21.
Rc1 Nxc4 22. Rxc4 Rac8 23. Rhc1 Ba6 24. Rxc7 Rxc7 25. Rxc7 Be2 26. Re7 f6 27.
Rxa7 Bxf3 28. Nd2 Be2 29. a4 Kh7 30. Rb7 Ra8 31. b3 Bd3+ 32. Kc1 Kg6 33. d6 Rd8
34. Rxb6 Kh5 35. a5 Kxh4 36. a6 g5 37. a7 g4 38. Rb8 1-0

[Event "AUTO-INT-3944"]
[Site "http://www.queenalice.com/game.php?id=1862961"]
[Date "2025.9.13"]
[Round "1"]
[White "jenyasm"]
[Black "zmanomega"]
[Result "1-0"]
[WhiteElo "1433"]
[BlackElo "1674"]

1. e4 e5 2. Nf3 f6 3. Nc3 c6 4. d3 Bb4 5. Bd2 b5 6. a3 Bc5 7. Be2 d5 8. O-O d4
9. Nb1 Bd6 10. Bb4 c5 11. Bd2 Ba6 12. Qe1 Bc7 13. b4 c4 14. Nh4 c3 15. Bc1 Ne7
16. a4 Nbc6 17. axb5 Bxb5 18. Na3 Nxb4 19. Rb1 Bd7 20. Rxb4 f5 21. exf5 Bxf5 22.
Nxf5 Nxf5 23. Bg4 g6 24. Bf4 Qd6 25. Rb3 Qe6 26. Bxf5 Qxf5 27. Bg3 O-O 28. Nb5
Bb8 29. Qe4 Qxe4 30. dxe4 a6 31. Na3 g5 32. h3 h6 33. Nc4 Re8 34. Nb6 Ra7 35.
Nd5 Rf8 36. Nb4 h5 37. Nc6 Ra8 38. Nxb8 Rfxb8 39. Rxb8+ Rxb8 40. Bxe5 Rb2 41.
Rc1 Rb4 42. f3 a5 43. Bf6 g4 44. hxg4 hxg4 45. Be5 a4 46. Bd6 Rb2 47. Ba3 Ra2
48. Bc5 a3 49. Kf2 gxf3 50. gxf3 Kf7 51. f4 Ke6 52. Ke2 Kf6 53. Kd3 Ke6 54. Kxd4
Rb2 55. Bxa3 Ra2 56. Bb4 Ra4 57. Kxc3 1-0

[Event "AUTO-INT-3946"]
[Site "http://www.queenalice.com/game.php?id=1863873"]
[Date "2025.10.6"]
[Round "1"]
[White "juim"]
[Black "zmanomega"]
[Result "0-1"]
[WhiteElo "1666"]
[BlackElo "1654"]

1. e4 e5 2. d4 Bd6 3. dxe5 Bxe5 4. Be3 Bxb2 5. Bd4 Bxa1 6. Bxa1 d6 7. e5 d5 8.
Na3 Nc6 9. Nf3 Bg4 10. Be2 f6 11. h3 Bxf3 12. Bxf3 Nge7 13. exf6 gxf6 14. O-O
Ne5 15. Bxe5 fxe5 16. Re1 Qd6 17. Nb5 Qc6 18. a4 a6 19. Nc3 Qxc3 20. Re3 Qb2 21.
Rb3 Qa2 22. Rxb7 Qxa4 23. Rxc7 Rd8 24. Qc1 e4 25. Bh5+ Ng6 26. Qg5 Rd7 27. Qe5+
Kf7 28. Qxd5+ Ke8 29. Bg4 Rxc7 30. Be6 Qa1+ 31. Kh2 Qe5+ 32. Qxe5 Nxe5 33. Bb3
a5 34. Kg3 Ke7 35. Kf4 Kf6 36. g4 Rg7 37. Bd5 a4 38. Bxe4 a3 39. Bd5 Ra7 40. Ba2
Rb8 41. g5+ Kg6 42. Kxe5 Ra5+ 43. Kf4 Rxg5 44. c4 Rf8+ 45. Ke3 Re5+ 46. Kd2
Rxf2+ 47. Kd3 Rxa2 48. Kd4 Kf5 49. c5 Rc2 0-1

[Event "AUTO-INT-3946"]
[Site "http://www.queenalice.com/game.php?id=1863874"]
[Date "2025.10.6"]
[Round "1"]
[White "zmanomega"]
[Black "juim"]
[Result "0-1"]
[WhiteElo "1691"]
[BlackElo "1661"]

1. e4 d5 2. Nc3 dxe4 3. Nxe4 e6 4. Qg4 f5 5. Qf4 Nc6 6. Bb5 Bd7 7. c3 fxe4 8.
Qxe4 a6 9. Bc4 Nf6 10. Qf3 Bd6 11. Ne2 O-O 12. Nf4 Ne5 13. Bxe6+ Kh8 14. Ng6+
Nxg6 15. Bxd7 Nxd7 16. Qd3 Qf6 17. O-O Nh4 18. f3 Qg5 19. Rf2 Bc5 20. Qe3 Bxe3
21. dxe3 Rxf3 22. g3 Rxf2 0-1

[Event "AUTO-INT-3946"]
[Site "http://www.queenalice.com/game.php?id=1863885"]
[Date "2025.10.6"]
[Round "1"]
[White "zmanomega"]
[Black "tche_elvio"]
[Result "1-0"]
[WhiteElo "1648"]
[BlackElo "1458"]

1. e4 c5 2. Bc4 e6 3. Nf3 d6 4. e5 Nc6 5. exd6 Bxd6 6. c3 Nf6 7. d4 h6 8. O-O
O-O 9. dxc5 Bxc5 10. Qe2 Bd7 11. Ne5 Nxe5 12. Qxe5 b5 13. Qxc5 bxc4 14. Qxc4 Qc8
15. Qh4 Bb5 16. Qg3 g5 17. Re1 Nh5 18. Qe5 a6 19. Bxg5 f6 20. Bxf6 Nxf6 21. Qg3+
Kh7 22. Nd2 Rg8 23. Qe5 Kg6 24. Nf3 Nd5 25. Re4 h5 26. Qg5+ 1-0

[Event "AUTO-INT-3946"]
[Site "http://www.queenalice.com/game.php?id=1863886"]
[Date "2025.10.6"]
[Round "1"]
[White "tche_elvio"]
[Black "zmanomega"]
[Result "0-1"]
[WhiteElo "1483"]
[BlackElo "1652"]

1. e4 e5 2. g3 Qf6 3. Nf3 Nc6 4. c3 d6 5. Bg2 Bg4 6. O-O Be6 7. d3 d5 8. Bg5 Qg6
9. Nbd2 f6 10. b4 fxg5 11. exd5 Bxd5 12. a4 O-O-O 13. Qc1 g4 14. Nh4 Qf6 15.
Bxd5 Rxd5 16. Ne4 Qe7 17. Nf5 Qf7 18. Qg5 h5 19. Rad1 g6 20. Ne3 Rd7 21. Nc4 Rd5
22. Na3 Be7 23. Qe3 h4 24. Rd2 hxg3 25. fxg3 Qh7 26. Nb5 Qh5 27. Nxa7+ Nxa7 28.
Qxa7 Rd8 29. Nc5 Bxc5+ 30. Qxc5 e4 31. Qxh5 Rxh5 32. Kg2 Ne7 33. Rf4 Rg5 34.
Rxe4 Nf5 35. d4 Rh8 36. Rde2 Nd6 37. Re5 Rxe5 38. Rxe5 Nc4 39. Rg5 Rg8 40. a5
Kb8 41. Rc5 Nd6 42. a6 b6 43. a7+ Kb7 44. Rd5 Kxa7 45. b5 Ne4 46. Rd7 Kb7 47. c4
Nd6 48. c5 bxc5 49. dxc5 Nxb5 50. Rd5 Kc6 51. Rg5 Nd4 52. Rxg4 Kxc5 53. Rg5+ Kb6
54. h4 Nf5 55. Kf3 c5 56. h5 Nd4+ 57. Ke4 Kb5 58. Rxg6 Rd8 59. h6 c4 60. Rg5+
Kb4 61. h7 Rh8 62. Rg7 Ne6 63. Re7 Ng5+ 64. Kf5 Nxh7 65. Rb7+ Kc3 66. g4 Kc2 67.
g5 Nf8 68. g6 Nxg6 69. Kxg6 c3 70. Rc7 Rh3 71. Kg5 Kd2 72. Kg4 Re3 73. Rd7+ Rd3
74. Rc7 c2 75. Kf4 Rc3 76. Rd7+ Ke2 77. Re7+ Kf2 78. Ke4 Re3+ 79. Kd4 Rxe7 0-1

[Event "AUTO-INT-3949"]
[Site "http://www.queenalice.com/game.php?id=1864853"]
[Date "2025.10.29"]
[Round "1"]
[White "game"]
[Black "zmanomega"]
[Result "1-0"]
[WhiteElo "1637"]
[BlackElo "1670"]

1. e4 c6 2. d4 Nf6 3. e5 Nd5 4. Bc4 e6 5. Nf3 h6 6. Nc3 Nxc3 7. bxc3 b5 8. Bb3
a5 9. a4 b4 10. c4 c5 11. d5 d6 12. dxe6 Bxe6 13. O-O f6 14. exf6 Qxf6 15. Be3
Qg6 16. c3 Nc6 17. Bc2 Bf5 18. Rc1 O-O-O 19. Nh4 Qf7 20. Bxf5+ Kb7 21. cxb4 cxb4
22. g4 Ne5 23. Be4+ Kc7 24. Nf5 g6 25. Bd5 Qf6 26. Nd4 Nxg4 27. Nb5+ Kd7 28.
Qxg4+ Qf5 29. Qd4 Rh7 30. c5 Bg7 31. c6+ Ke8 32. c7 Bxd4 33. Rfe1 Qxd5 34. c8=Q
Rxc8 35. Rxc8+ Kf7 36. Rc7+ Kg8 37. Rc8+ Kf7 38. Bxd4 Qg5+ 39. Kf1 Qd5 40. Rc7+
Kf8 41. Rxh7 1-0

[Event "AUTO-INT-3949"]
[Site "http://www.queenalice.com/game.php?id=1864854"]
[Date "2025.10.29"]
[Round "1"]
[White "zmanomega"]
[Black "game"]
[Result "0-1"]
[WhiteElo "1663"]
[BlackElo "1592"]

1. e4 d6 2. Bc4 Nf6 3. d3 e5 4. Nf3 c5 5. Bg5 Be7 6. Be3 Ng4 7. h3 Nf6 8. g4 h5
9. g5 Nfd7 10. h4 Nc6 11. c3 Qb6 12. b3 f6 13. gxf6 gxf6 14. d4 exd4 15. cxd4 f5
16. exf5 Bf6 17. Bf4 cxd4 18. Qe2+ Kd8 19. Qd2 d3 20. Nc3 Qb4 21. Qxd3 Bxc3+ 22.
Bd2 Re8+ 23. Kf1 Nc5 24. Qxd6+ Nd7 25. Bg5+ Ne7 26. Qxb4 Bxb4 27. Rd1 Rf8 28. f6
Ng6 29. Bb5 Rf7 30. Kg2 Nf4+ 31. Bxf4 Rxf6 32. Rd4 Bc5 33. Rd5 Rxf4 34. Rhd1
Rg4+ 35. Kf1 Ke7 36. Re1+ Kf6 37. Bxd7 b6 38. Bxg4 Bxg4 39. Nd4 Bh3+ 40. Kg1
Rg8+ 41. Kh2 Bc8 42. Rd1 a5 43. Rxh5 Bg4 44. Rh6+ Kg7 45. Rc6 Bxd1 46. Rc7+ Kh6
47. Nf5+ Kg6 48. Ne7+ Bxe7 49. Rxe7 Rh8 50. Kg3 Rf8 51. f4 Rc8 52. Re3 Bh5 53.
a3 Rc1 54. Kh3 Kf5 55. Re5+ Kxf4 56. Rxh5 Rc3+ 57. Kg2 Kg4 58. Re5 Kxh4 59. Re4+
Kg5 60. b4 a4 61. Kf2 Rxa3 62. Re5+ Kf4 63. Re2 Rf3+ 64. Kg1 Rb3 65. Rf2+ Kg3
66. Rc2 Rb1+ 0-1

[Event "AUTO-INT-3949"]
[Site "http://www.queenalice.com/game.php?id=1864873"]
[Date "2025.10.29"]
[Round "1"]
[White "zmanomega"]
[Black "Yanni"]
[Result "1-0"]
[WhiteElo "1640"]
[BlackElo "1529"]

1. e4 e5 2. Nf3 f6 3. Nh4 Bc5 4. f3 d6 5. Nf5 d5 6. b3 Nc6 7. Nxg7+ Kf7 8. Nf5
Bxf5 9. exf5 e4 10. g3 Qe8 11. f4 a6 12. Qh5+ Ke7 13. Qxe8+ Kxe8 14. d3 exd3 15.
Bxd3 Kd7 16. Ba3 Bd4 17. c3 Re8+ 18. Kd2 Be3+ 19. Kc2 Nge7 20. Bb2 d4 21. cxd4
Nb4+ 22. Kc3 Nbd5+ 23. Kc2 Nc6 24. Nc3 Nxd4+ 25. Kd1 c6 26. Nxd5 cxd5 27. h4 Nf3
28. Bxf6 Rhf8 29. Bc3 Bf2 30. Kc2 d4 31. Bb4 Rc8+ 32. Kb2 Rfe8 33. f6 b6 34.
Bf5+ Kc7 35. Bxc8 Kxc8 36. Rhf1 Re2+ 37. Ka3 Nd2 38. f7 Kc7 39. f8=Q a5 40.
Rfc1+ Kb7 41. Qc8+ Ka7 42. Rc7# 1-0

[Event "AUTO-INT-3949"]
[Site "http://www.queenalice.com/game.php?id=1864874"]
[Date "2025.10.29"]
[Round "1"]
[White "Yanni"]
[Black "zmanomega"]
[Result "0-1"]
[WhiteElo "1510"]
[BlackElo "1653"]

1. e4 e5 2. Bc4 Qf6 3. Qe2 Ne7 4. Nf3 d6 5. d4 Bg4 6. h3 Bxf3 7. gxf3 exd4 8.
Rg1 Nd7 9. f4 O-O-O 10. Na3 Nb6 11. Ba6 bxa6 12. e5 dxe5 13. fxe5 Qe6 14. Rg3
Nf5 15. Rf3 Nd5 16. Nc4 Nh4 17. Rb3 Ng2+ 18. Kf1 Re8 19. Kxg2 Kd7 20. Rb7 f5 21.
Rxa7 Kc8 22. Na5 Nb4 23. a3 Qd5+ 24. Kf1 Rxe5 25. Qd2 Qh1# 0-1

[Event "AUTO-INT-3940"]
[Site "http://www.queenalice.com/game.php?id=1865253"]
[Date "2025.11.6"]
[Round "2"]
[White "zmanomega"]
[Black "Rocio"]
[Result "1-0"]
[WhiteElo "1711"]
[BlackElo "1520"]

1. e4 e5 2. Nf3 Nc6 3. c3 Nf6 4. d3 Bc5 5. b4 Bd6 6. a4 h6 7. Be3 a6 8. Nh4 g5
9. Nf3 Be7 10. Qc2 d6 11. d4 Bg4 12. d5 Na7 13. c4 Bxf3 14. gxf3 g4 15. f4 exf4
16. Bxf4 Qd7 17. a5 Rg8 18. Na3 h5 19. Rb1 h4 20. b5 axb5 21. cxb5 Nc8 22. Bd3
Rxa5 23. Rb3 Nb6 24. Qc3 Na4 25. Qxa5 Nb6 26. Qa7 Qc8 27. Qa5 g3 28. fxg3 hxg3
29. Bxg3 Nbd7 30. Nc4 Ng4 31. Rf1 Rg7 32. Rf5 f6 33. Rh5 b6 34. Qa1 Nc5 35. Rc3
Bf8 36. Ra3 Be7 37. Ra8 Nxd3+ 38. Kd2 Kd7 39. Rxc8 Kxc8 40. Rh8+ Kd7 41. Nxb6+
cxb6 42. Qa7# 1-0

[Event "AUTO-INT-3940"]
[Site "http://www.queenalice.com/game.php?id=1865254"]
[Date "2025.11.6"]
[Round "2"]
[White "Rocio"]
[Black "zmanomega"]
[Result "0-1"]
[WhiteElo "1529"]
[BlackElo "1702"]

1. e4 e5 2. Bc4 Qf6 3. f3 Nc6 4. a3 a6 5. Ne2 Bc5 6. Nbc3 g5 7. d3 Nh6 8. h3 Nd4
9. Nxd4 Bxd4 10. Nd5 Qc6 11. Bxg5 b5 12. Ne7 Qb6 13. Rf1 f5 14. Nd5 Qd6 15. exf5
Nxf5 16. Bb3 e4 17. dxe4 Bxb2 18. Rb1 Qg3+ 19. Ke2 Qxg2+ 20. Rf2 Qxg5 21. Rxb2
Ng3+ 22. Kd3 Ra7 23. Rb1 a5 24. f4 Qg6 25. Qf3 Nh5 26. Rg2 Qh6 27. Kc3 c6 28.
Nb6 Ba6 29. Rd1 Nf6 30. e5 a4 31. Ba2 Nd5+ 32. Bxd5 cxd5 33. Rxd5 Rc7+ 34. Kd3
b4+ 35. Kd4 Qxb6+ 36. Ke4 Rc4+ 37. Kd3 Rc3+ 38. Kd2 Rxf3 39. Kc1 Rf1+ 40. Kb2
bxa3+ 41. Kxa3 Ra1# 0-1

[Event "AUTO-INT-3940"]
[Site "http://www.queenalice.com/game.php?id=1865256"]
[Date "2025.11.6"]
[Round "2"]
[White "Anusha"]
[Black "zmanomega"]
[Result "1-0"]
[WhiteElo "1878"]
[BlackElo "1728"]

1. c4 e5 2. g3 d5 3. Bg2 c6 4. cxd5 cxd5 5. d3 Bc5 6. Nc3 Nf6 7. a3 Qa5 8. Bd2
Ng4 9. e3 Bf5 10. b4 Qb6 11. bxc5 Qxc5 12. Nxd5 Nd7 13. Rc1 Qd6 14. Nc7+ Ke7 15.
Nxa8 Rxa8 16. Bb4 1-0

[Event "AUTO-INT-3940"]
[Site "http://www.queenalice.com/game.php?id=1865257"]
[Date "2025.11.6"]
[Round "2"]
[White "zmanomega"]
[Black "bdpq"]
[Result "1-0"]
[WhiteElo "1661"]
[BlackElo "1651"]

1. e4 d5 2. Nc3 d4 3. Nd5 e6 4. Nf4 e5 5. Nh5 Nh6 6. Ng3 Bc5 7. d3 Ng4 8. h3 O-O
9. hxg4 Qh4 10. Rxh4 Be6 11. f4 exf4 12. Bxf4 c6 13. Be5 Be7 14. Rh3 Na6 15. Nh5
f6 16. Bf4 Bb4+ 17. Kf2 Rad8 18. Nf3 Bf7 19. g5 fxg5 20. Bxg5 c5 21. Bxd8 Rxd8
22. Ne5 Nc7 23. Nxg7 Rd6 24. Rg3 Kf8 25. Nxf7 Kxf7 26. Qf3+ Ke7 27. Nf5+ 1-0

[Event "AUTO-INT-3940"]
[Site "http://www.queenalice.com/game.php?id=1865258"]
[Date "2025.11.6"]
[Round "2"]
[White "bdpq"]
[Black "zmanomega"]
[Result "0-1"]
[WhiteElo "1621"]
[BlackElo "1689"]

1. e4 e5 2. d4 Nc6 3. d5 Nce7 4. Be3 d6 5. Bc4 Nf6 6. Nf3 Nxe4 7. O-O f5 8. Nbd2
f4 9. Nxe4 c6 10. dxc6 Nxc6 11. Bb5 Be7 12. c4 O-O 13. Bxc6 bxc6 14. Qa4 fxe3
15. Qxc6 exf2+ 16. Nxf2 Rb8 17. Ne4 Bb7 18. Qa4 Bxe4 19. Nd2 Bg6 20. Nf3 Bh5 21.
c5 e4 22. Nd4 Rxf1+ 23. Rxf1 Rxb2 24. Qxa7 Bf6 25. Nf5 d5 26. c6 Rc2 27. Rb1
Rxc6 28. Rb7 Rc1+ 29. Kf2 e3+ 30. Kxe3 d4+ 31. Kf4 g5+ 32. Kg3 Be5+ 33. Kf2 Qf8
34. g4 Bxg4 35. Kg2 Bxf5 36. Rb5 Be4+ 0-1

[Event "Challenge"]
[Site "http://www.queenalice.com/game.php?id=1865456"]
[Date "2025.11.12"]
[Round "-"]
[White "crisvolei"]
[Black "zmanomega"]
[Result "0-1"]
[WhiteElo "1548"]
[BlackElo "1719"]

1. e4 e5 2. Bc4 Nf6 3. d3 d5 4. exd5 Nxd5 5. Qf3 Be6 6. Nc3 c6 7. Nxd5 cxd5 8.
Bb5+ Nc6 9. c4 a6 10. Ba4 f6 11. h4 Rc8 12. Be3 Bb4+ 13. Bd2 Bxd2+ 14. Kxd2 d4
15. Qh5+ Bf7 16. Qg4 Rb8 17. Qxg7 Rg8 18. Qxh7 b5 19. cxb5 axb5 20. Bb3 Rf8 21.
Bxf7+ Rxf7 22. Qg8+ Rf8 23. Qe6+ Ne7 24. b4 Rc8 25. Ne2 Rc6 26. Qb3 Nd5 27. h5
Rh8 28. h6 Rh7 29. Ng3 Ne7 30. Ne4 Kf8 31. Nc5 Qc8 32. Rac1 Ke8 33. g4 Qxg4 34.
Ne4 Qf4+ 35. Kd1 Rxc1+ 36. Ke2 Rxh1 37. Nd6+ Kd7 38. Nxb5 Qg4+ 39. Kd2 Qf4+ 40.
Ke2 Rh2 41. Qa4 Qxf2+ 42. Kd1 Rh1# 0-1

[Event "Challenge"]
[Site "http://www.queenalice.com/game.php?id=1865457"]
[Date "2025.11.12"]
[Round "-"]
[White "zmanomega"]
[Black "crisvolei"]
[Result "1-0"]
[WhiteElo "1677"]
[BlackElo "1585"]

1. e4 e5 2. Nc3 c6 3. Bc4 b5 4. Bb3 Bc5 5. Qf3 Nh6 6. d3 f5 7. exf5 Rf8 8. Bxh6
gxh6 9. Qh5+ Ke7 10. Nd5+ Kd6 11. Qxh6+ Rf6 12. Nxf6 Kc7 13. Nxh7 d6 14. f6 d5
15. Kd2 Bxf2 16. f7 Nd7 17. Qg7 Kb6 18. f8=Q Nxf8 19. Nxf8 a5 20. a4 d4 21. axb5
Be3+ 22. Kd1 Qe8 23. Nf3 Ra7 24. Qf6 Re7 25. Ng6 Re6 26. Bxe6 Bxe6 27. bxc6 Qxc6
28. Ngxe5 Qd5 29. Nc4+ Kc7 30. Rxa5 Qf5 31. Qe7+ Bd7 32. Rc5+ Qxc5 33. Qxc5+ Bc6
34. Nfe5 1-0

[Event "AUTO-INT-3953"]
[Site "http://www.queenalice.com/game.php?id=1866311"]
[Date "2025.11.28"]
[Round "1"]
[White "SGF"]
[Black "zmanomega"]
[Result "1-0"]
[WhiteElo "1784"]
[BlackElo "1683"]

1. e4 e5 2. Qf3 f6 3. d3 Bc5 4. c3 Bd6 5. Be2 Nc6 6. Qg3 a6 7. Qxg7 Qe7 8. Qxh8
Qf7 9. h4 Ne7 10. h5 Bc5 11. h6 Ng6 12. Qg7 Qxg7 13. hxg7 d6 14. Rxh7 Be6 15.
Bh5 Bf7 16. Bxg6 Bxg6 17. Rh8 O-O-O 18. Nf3 Re8 19. Nh4 Bf7 20. Nf5 Kd8 21. Nh6
Ke7 22. b4 Bb6 23. a4 a5 24. b5 Be6 25. Nxg8+ Bxg8 26. c4 Bd4 27. f4 Bxa1 28. f5
b6 29. g4 Kf7 30. Bh6 Bd4 31. Ke2 Bg1 32. Kf3 Bh2 33. g5 Bf4 34. Nc3 Bxg5 35.
Bxg5 fxg5 36. Rh5 Kxg7 37. Rxg5+ Kf7 38. Nd5 Rc8 39. f6 c6 40. Ne7 Rf8 41. bxc6
1-0

[Event "AUTO-INT-3953"]
[Site "http://www.queenalice.com/game.php?id=1866312"]
[Date "2025.11.28"]
[Round "1"]
[White "zmanomega"]
[Black "SGF"]
[Result "0-1"]
[WhiteElo "1697"]
[BlackElo "1757"]

1. e4 e5 2. Nc3 c6 3. Bc4 b5 4. Bd3 Qf6 5. f3 Be7 6. Be2 d6 7. d3 Qg6 8. g3 h5
9. h4 Qxg3+ 10. Kd2 Bxh4 11. Qf1 b4 12. Nb1 a5 13. c3 bxc3+ 14. bxc3 Bg5+ 15.
Kc2 Bxc1 16. Kxc1 h4 17. Na3 g5 18. Nc4 Ke7 19. Rb1 Nf6 20. Nb6 Qf4+ 21. Kd1 Ra7
22. Nh3 Qe3 23. Nc4 Qc5 24. Nxg5 h3 25. Nxh3 Na6 26. Ng5 Rxh1 27. Qxh1 Nc7 28.
Kd2 Ba6 29. Rb8 Ra8 30. Rb2 Bxc4 31. dxc4 Qa3 32. Rc2 Rg8 33. Nh7 Rh8 34. Qg2
Rxh7 35. Qg5 Rh5 36. Qg2 Ne6 37. Qf2 c5 38. f4 Nxe4+ 0-1

[Event "AUTO-INT-3953"]
[Site "http://www.queenalice.com/game.php?id=1866327"]
[Date "2025.11.28"]
[Round "1"]
[White "zmanomega"]
[Black "bdpq"]
[Result "0-1"]
[WhiteElo "1671"]
[BlackElo "1587"]

1. e4 d5 2. Nc3 d4 3. Na4 e6 4. Bc4 Bd7 5. b3 b5 6. Nf3 bxc4 7. Nb2 cxb3 8. axb3
Qf6 9. d3 Bc5 10. Ra5 Bd6 11. e5 Qe7 12. exd6 Qxd6 13. Ng5 Nc6 14. Ra2 Nf6 15.
O-O h6 16. Nf3 O-O 17. h3 Nd5 18. Nh4 Nc3 19. Qf3 Nxa2 20. Nc4 Qe7 21. Qg3 Nxc1
22. Rxc1 Bc8 23. Re1 Ba6 24. Nf5 Qd7 25. Nxh6+ Kh8 26. Ne5 Nxe5 27. Rxe5 g6 28.
Qg5 f6 29. Nf7+ Qxf7 30. Qh4+ Qh7 31. Qxd4 fxe5 32. Qxe5+ Qg7 33. Qxe6 c6 0-1

[Event "AUTO-INT-3953"]
[Site "http://www.queenalice.com/game.php?id=1866328"]
[Date "2025.11.28"]
[Round "1"]
[White "bdpq"]
[Black "zmanomega"]
[Result "1-0"]
[WhiteElo "1582"]
[BlackElo "1718"]

1. e4 e5 2. d4 Nc6 3. d5 Na5 4. Nf3 f6 5. Bd2 b6 6. Be3 c6 7. dxc6 Nxc6 8. Nc3
h6 9. Bb5 Bb7 10. O-O a6 11. Be2 b5 12. Nh4 Nce7 13. Nf5 Nxf5 14. Bd2 Nh4 15. g3
Ng6 16. Bh5 Ne7 17. Ne2 d5 18. Bb4 dxe4 19. Bxe7 Bxe7 20. Bxg6+ Kf8 21. Nc3 Qb6
22. Nd5 Qd8 23. Bxe4 Bd6 24. Qd3 Bxd5 25. Qxd5 Rc8 26. Bg6 Rc7 27. Rfd1 Ke7 28.
Qf7# 1-0